000 00660nam a2200253Ia 4500
003 OSt
005 20220918163310.0
006 a|||||r|||| 00| 0
007 ta
008 220917b |||||||| |||| 00| 0 eng d
020 _a0 521 35250 9
024 _a31,533
037 _cTextual
040 _aARTS
_cARTS
_beng
041 _2eng
_aeng
082 _aO111,3M82:g, M8
100 _aMahaffey Vicki
_912551
245 0 _aReauthorizing Joyce
260 _aCambridge
_bCUP UK
_c1988
300 _axiv, 222p.
_ccm.
650 _aENGLISH LITERATURE
942 _hO111,3M82:g, M8
_cTEXL
_2CC
999 _c118985
_d118985